[Event "Asia Cities-ch 12th"]
[Site "Beirut"]
[Date "2000.03.24"]
[Round "8"]
[White "Aboud, Firas"]
[Black "Kakageldyev, Amanmurad"]
[Result "0-1"]
[WhiteElo "2292"]
[BlackElo "2491"]
[PlyCount "74"]
[EventDate "2000.03.19"]
[EventType "team-swiss"]
[EventRounds "9"]
[EventCountry "LBN"]
[SourceTitle "EXT 2020"]
[Source "ChessBase"]
[SourceDate "2019.10.17"]
[SourceVersion "1"]
[SourceVersionDate "2019.10.17"]
[SourceQuality "1"]
[WhiteTeam "Aleppo"]
[BlackTeam "Askhabat"]
[WhiteTeamCountry "SYR"]
[BlackTeamCountry "TKM"]

1. Nf3 g6 2. g3 Bg7 3. d4 Nf6 4. Bg2 0-0 5. 0-0 d6 6. c4 Nc6 7. Nc3 a6 8. h3 Bd7 9. Bg5 Rb8 10. e4 b5 11. cxb5 axb5 12. Rc1 b4 13. Nd5 Nxe4 14. Ne5 dxe5 15. Bxe4 h6 16. Rxc6 hxg5 17. Rc4 exd4 18. Rxb4 Rxb4 19. Nxb4 Bxh3 20. Nc6 Qd6 21. Re1 Bd7 22. Qc2 e5 23. a4 Be6 24. b4 f5 25. Bd3 e4 26. Bb5 d3 27. Qd2 Bd5 28. Na5 Bd4 29. Qxg5 Qxb4 30. Qxg6+ Bg7 31. Rd1 Qxa5 32. Bd7 Qb6 33. Qg5 Qf6 34. Qe3 Qd6 35. Bb5 c6 36. Ba6 f4 37. gxf4 Qxf4 0-1

[Event "Asia Cities-ch 12th"]
[Site "Beirut"]
[Date "2000.03.21"]
[Round "4"]
[White "Aboud, Firas"]
[Black "Aboudi, Marwan"]
[Result "1-0"]
[WhiteElo "2292"]
[BlackElo "2191"]
[PlyCount "84"]
[EventDate "2000.03.19"]
[EventType "team-swiss"]
[EventRounds "9"]
[EventCountry "LBN"]
[SourceTitle "EXT 2020"]
[Source "ChessBase"]
[SourceDate "2019.10.17"]
[SourceVersion "1"]
[SourceVersionDate "2019.10.17"]
[SourceQuality "1"]
[WhiteTeam "Aleppo"]
[BlackTeam "Amman"]
[WhiteTeamCountry "SYR"]
[BlackTeamCountry "JOR"]

1. d4 Nf6 2. c4 e6 3. Nc3 Bb4 4. e3 0-0 5. Bd3 c5 6. Nf3 d5 7. 0-0 Nc6 8. a3 Bxc3 9. bxc3 dxc4 10. Bxc4 Qc7 11. a4 Rd8 12. Qe2 e5 13. Ng5 Bg4 14. f3 Bh5 15. dxc5 e4 16. Qa2 h6 17. Nxe4 Nxe4 18. fxe4 Ne5 19. Bd5 Qxc5 20. Rf5 Bg6 21. Rxe5 Qd6 22. Rf5 Bxf5 23. Bxf7+ Kh8 24. Ba3 Qe5 25. exf5 Qxc3 26. Qb2 Qxe3+ 27. Qf2 Qxf2+ 28. Kxf2 Rd2+ 29. Kf1 Rad8 30. a5 Rd1+ 31. Rxd1 Rxd1+ 32. Ke2 Ra1 33. Bb4 b6 34. axb6 axb6 35. Bc3 Rc1 36. Kd3 Rf1 37. f6 gxf6 38. Ke2 Rc1 39. Bxf6+ Kh7 40. Bd4 Rc6 41. Bb3 Rd6 42. Bc2+ Kg8 1-0

[Event "Asia-ch"]
[Site "Dubai"]
[Date "1996.??.??"]
[Round "?"]
[White "Aboud, Firas"]
[Black "Reefat, Bin Sattar"]
[Result "0-1"]
[WhiteElo "2265"]
[BlackElo "2465"]
[PlyCount "44"]
[EventDate "1996.??.??"]
[EventType "swiss"]
[EventRounds "9"]
[EventCountry "UAE"]
[SourceTitle "EXT 1999"]
[Source "ChessBase"]
[SourceDate "1998.11.16"]
[SourceVersion "1"]
[SourceVersionDate "1998.11.16"]
[SourceQuality "1"]

1. Nf3 d5 2. d4 Nf6 3. e3 g6 4. c4 c6 5. Nc3 Bg7 6. cxd5 cxd5 7. Bd3 0-0 8. Ne5 Nfd7 9. f4 Nxe5 10. fxe5 f6 11. exf6 Bxf6 12. 0-0 Nc6 13. Qf3 Be6 14. Qg3 Bf7 15. h4 e5 16. h5 e4 17. hxg6 hxg6 18. Bc2 Kg7 19. Bd2 Rh8 20. Bb3 Rh4 21. Rf4 Qc7 22. Rxf6 Qxg3 0-1